000 00617nam a2200277Ia 4500
005 20260324133615.0
008 008 260324s9999 xx 000 0 eng d
020 _a9780203700556
037 _aEBOOK
040 _aCRL
040 _beng
040 _cCRL
041 _2eng
041 _aeng
084 _qCRL
100 _aVincent Leitch
_91193714
245 0 _aTheory Matters
260 _bTaylor and Francis
260 _c2003
365 _a
365 _b230
856 _uhttp://www.taylorfrancis.com/books/9780203700556
942 _cEBOOK
999 _c1792942
_d1792942